Anthem of the Russian Empire - Боже, Царя храни! (God Save the Tsar!) - Statistics

General Stats
  • This quiz has been taken 2 times
  • The average score is 45 of 60
Answer Stats
Lyrics % Correct
Bozhe,
100%
Bozhe,
100%
Bozhe,
100%
Bozhe,
100%
Bozhe,
100%
Bozhe,
100%
khrani!
100%
khrani!
100%
khrani!
100%
khrani!
100%
khrani!
100%
khrani!
100%
na
100%
na
100%
na
100%
na
100%
na
100%
na
100%
na
100%
na
100%
na
100%
slavu,
100%
slavu
100%
slavu,
100%
slavu
100%
slavu,
100%
slavu
100%
Tsarstvuy
100%
Tsarstvuy
100%
Tsarstvuy
100%
Tsarstvuy
100%
Tsarstvuy
100%
Tsarstvuy
100%
Tsarya
100%
Tsarya
100%
Tsarya
100%
Tsarya
100%
Tsarya
100%
Tsarya
100%
derzhavnyy,
50%
derzhavnyy,
50%
derzhavnyy,
50%
nam!
50%
nam!
50%
nam!
50%
Sil'nyy,
50%
Sil'nyy
50%
Sil'nyy
50%
Tsar'
50%
Tsar'
50%
Tsar'
50%
pravoslavnyy!
0%
pravoslavnyy!
0%
pravoslavnyy!
0%
strakh
0%
strakh
0%
strakh
0%
vragam,
0%
vragam,
0%
vragam,
0%
No matching quizzes found
Score Distribution
Percent of People with Each Score
Percentile by Number Answered
Your Score History
You have not taken this quiz